Formula 2 Teams 2021 - Statistics

General Stats
  • This quiz has been taken 94 times
  • The average score is 7 of 11
Answer Stats
Base Debut Year Full Team Name % Correct
Grisignano di Zocco Vicenza, ITA 2017 Prema Racing
99%
Villeneuve-la-Guyard, FRA 2017 Art Grand Prix
81%
Surrey, GBR 2017 Carlin
76%
Westmaas, NED 2017 MP Motorsport
72%
Valencia, ESP 2017 Campos Racing
65%
Milano, ITA 2017 Trident
65%
Silverstone, GBR 2020 Hitech Grand Prix
61%
Ruaudin, FRA 2017 Dams
59%
Prague, CZE 2018 Charouz Racing System
51%
Affalterbach, GER 2020 HWA Racelap
48%
Norfolk, GBR 2018 Uni-Virtuosi
43%
No matching quizzes found
Score Distribution
Percent of People with Each Score
Percentile by Number Answered
Your Score History
You have not taken this quiz